[Event "Merano Gold Cup 36th"]
[Site "Merano"]
[Date "2008.04.07"]
[Round "4"]
[White "Causevic, Ismet"]
[Black "Muscolino, Attilio"]
[Result "1-0"]
[WhiteElo "1957"]
[BlackElo "2122"]
[PlyCount "87"]
[EventDate "2008.04.04"]
[EventType "swiss"]
[EventRounds "9"]
[EventCountry "ITA"]
[SourceTitle "EXT 2015"]
[Source "ChessBase"]
[SourceDate "2014.11.20"]
[SourceVersion "1"]
[SourceVersionDate "2014.11.20"]
[SourceQuality "1"]

1. d4 Nf6 2. c4 g6 3. Nc3 Bg7 4. e4 d6 5. Be2 0-0 6. Nf3 e5 7. 0-0 Nc6 8. d5 Ne7 9. Ne1 Nd7 10. Nd3 f5 11. f3 Nf6 12. Nf2 f4 13. b4 g5 14. c5 Kh8 15. Bd2 Rg8 16. Rc1 h5 17. cxd6 cxd6 18. Nb5 Ne8 19. Be1 Bf8 20. h3 Rg7 21. Bc3 Ng8 22. Na3 Qf6 23. Nc4 Kh7 24. Nd3 Nh6 25. Ncxe5 dxe5 26. Bxe5 Qb6+ 27. Kh2 Rg8 28. Qa4 Qd8 29. Qc2 Bd6 30. Bxd6 Qxd6 31. e5 Qg6 32. e6 Nf5 33. Ne5 Qf6 34. Nf7 Kg7 35. Qc5 Ne3 36. Rfe1 Nxd5 37. Qxd5 Bxe6 38. Qxb7 Bxf7 39. Qxa8 g4 40. fxg4 hxg4 41. Bxg4 Nc7 42. Qxa7 Nd5 43. Be6 Nxb4 44. Bxf7 1-0

[Event "Merano Gold Cup 33rd"]
[Site "Merano"]
[Date "2005.04.15"]
[Round "7"]
[White "Aigner, Georg"]
[Black "Muscolino, Attilio"]
[Result "0-1"]
[WhiteElo "2046"]
[BlackElo "2122"]
[PlyCount "84"]
[EventDate "2005.04.09"]
[EventType "swiss"]
[EventRounds "9"]
[EventCountry "ITA"]
[SourceTitle "EXT 2024"]
[Source "ChessBase"]
[SourceDate "2023.10.10"]
[SourceVersion "1"]
[SourceVersionDate "2023.10.10"]
[SourceQuality "1"]

1. e4 c5 2. Nf3 d6 3. d4 cxd4 4. Nxd4 Nf6 5. Nc3 e6 6. Bb5+ Bd7 7. 0-0 Be7 8. Re1 Bxb5 9. Ncxb5 a6 10. Nc3 0-0 11. Be3 Qc7 12. Rc1 b5 13. Qf3 Nbd7 14. Qg3 Kh8 15. Bd2 Ne5 16. f4 Nc4 17. e5 Nd7 18. Nf3 dxe5 19. fxe5 Ndxe5 20. Nxe5 Qc5+ 21. Kh1 Nxd2 22. Nd7 Qd4 23. Nxf8 Bh4 24. Qe3 Qxe3 25. Ng6+ hxg6 26. Rxe3 Kg8 27. b3 Bg5 28. Rd3 Nxb3 29. Rcd1 Nc5 30. Rd6 Rc8 31. a3 Bf6 32. Nxb5 axb5 33. Rb6 Ne4 34. Rb1 Nf2+ 35. Kg1 Ne4 36. R6xb5 Bd4+ 37. Kh1 Rxc2 38. g3 Ra2 39. R1b3 Kh7 40. h3 e5 41. Rb8 Nd2 42. R3b7 Nf1 0-1

[Event "Merano Gold Cup 33rd"]
[Site "Merano"]
[Date "2005.04.12"]
[Round "4"]
[White "Reinke, Kurt"]
[Black "Muscolino, Attilio"]
[Result "1-0"]
[WhiteElo "2038"]
[BlackElo "2122"]
[PlyCount "42"]
[EventDate "2005.04.09"]
[EventType "swiss"]
[EventRounds "9"]
[EventCountry "ITA"]
[SourceTitle "EXT 2024"]
[Source "ChessBase"]
[SourceDate "2023.10.10"]
[SourceVersion "1"]
[SourceVersionDate "2023.10.10"]
[SourceQuality "1"]

1. d4 g6 2. c4 Nf6 3. Nc3 Bg7 4. e4 0-0 5. e5 Ne8 6. Nf3 d6 7. Be2 Nc6 8. exd6 cxd6 9. Be3 Nc7 10. a3 d5 11. c5 Qd7 12. b4 a6 13. Na4 Rb8 14. Nb6 Qe8 15. Rc1 h6 16. Qd2 Kh7 17. Nh4 Bd7 18. Nf3 e5 19. dxe5 Nxe5 20. Nxe5 Bxe5 21. Bxh6 Rg8 1-0

[Event "Merano Gold Cup 32nd"]
[Site "Merano"]
[Date "2004.04.27"]
[Round "5"]
[White "Perk, Egbert"]
[Black "Muscolino, Attilio"]
[Result "1/2-1/2"]
[WhiteElo "1995"]
[BlackElo "2122"]
[PlyCount "103"]
[EventDate "2004.04.23"]
[EventType "swiss"]
[EventRounds "9"]
[EventCountry "ITA"]
[SourceTitle "EXT 2006"]
[Source "ChessBase"]
[SourceDate "2005.11.24"]
[SourceVersion "1"]
[SourceVersionDate "2005.11.24"]
[SourceQuality "1"]

1. d4 Nf6 2. Nf3 g6 3. g3 Bg7 4. c4 d6 5. Bg2 0-0 6. Nc3 Nc6 7. d5 Na5 8. Qd3 c5 9. 0-0 a6 10. Rb1 b5 11. Nd2 bxc4 12. Nxc4 Nxc4 13. Qxc4 Ng4 14. Bf4 Rb8 15. a3 a5 16. h3 Ne5 17. Qa4 Bd7 18. Qc2 Nc4 19. Qc1 Re8 20. Kh2 Rb3 21. Nd1 Bb5 22. Be4 Ne5 23. Re1 Ba6 24. Bc2 Rb6 25. Nc3 Qd7 26. Ba4 Qd8 27. Bxe8 Qxe8 28. Qc2 Bb7 29. e4 Nf3+ 30. Kg2 Nxe1+ 31. Rxe1 Bc8 32. f3 Qd7 33. g4 h5 34. e5 hxg4 35. hxg4 dxe5 36. Bxe5 f6 37. Bg3 f5 38. g5 Rb7 39. Be5 Bxe5 40. Rxe5 Qd6 41. f4 Bd7 42. Qe2 Kf8 43. Qf2 e6 44. Kg1 exd5 45. Rxd5 Qe7 46. Qxc5 Qxc5+ 47. Rxc5 a4 48. Nd1 Ke7 49. Kf2 Kd6 50. Rc2 Be6 51. Nc3 Rh7 52. Kg3 1/2-1/2

[Event "Bratto op 23rd"]
[Site "Bratto"]
[Date "2003.08.25"]
[Round "5"]
[White "Pegoraro, Nicola"]
[Black "Muscolino, Attilio"]
[Result "1/2-1/2"]
[WhiteElo "2061"]
[BlackElo "2155"]
[PlyCount "45"]
[EventDate "2003.08.21"]
[EventType "swiss"]
[EventRounds "9"]
[EventCountry "ITA"]
[SourceTitle "EXT 2004"]
[Source "ChessBase"]
[SourceDate "2003.11.25"]
[SourceVersion "1"]
[SourceVersionDate "2003.11.25"]
[SourceQuality "1"]

1. e4 c5 2. Nf3 e6 3. d4 cxd4 4. Nxd4 Nf6 5. Nc3 d6 6. Be2 Be7 7. 0-0 0-0 8. Kh1 a6 9. f4 Qc7 10. Bf3 Nc6 11. Nxc6 bxc6 12. Qe1 d5 13. e5 Nd7 14. Qg3 f5 15. exf6 Nxf6 16. Bd2 Rb8 17. b3 Bd6 18. Rae1 Re8 19. Ne2 c5 20. Qh4 Be7 21. Qg3 Bd6 22. Qh4 Be7 23. Qg3 1/2-1/2

[Event "Lido degli Estensi op 4th"]
[Site "Lido degli Estensi"]
[Date "2003.06.10"]
[Round "4"]
[White "Muscolino, Attilio"]
[Black "Ricci, Alfredo"]
[Result "1-0"]
[WhiteElo "2155"]
[BlackElo "2053"]
[PlyCount "123"]
[EventDate "2003.06.06"]
[EventType "swiss"]
[EventRounds "9"]
[EventCountry "ITA"]
[SourceTitle "CBM 094 Extra"]
[Source "ChessBase"]
[SourceDate "2003.07.09"]
[SourceVersion "2"]
[SourceVersionDate "2003.07.09"]
[SourceQuality "1"]

1. e4 c5 2. Nf3 d6 3. d4 cxd4 4. Nxd4 Nf6 5. Nc3 a6 6. Be2 b5 7. Bf3 e5 8. Nb3 Be7 9. Be3 Bb7 10. Qd2 Nbd7 11. 0-0 Qc7 12. Qd3 Rc8 13. Rac1 Ba8 14. Rfe1 h6 15. Nd2 0-0 16. Ne2 Nc5 17. Bxc5 dxc5 18. c4 Rfd8 19. Qc2 Qd7 20. Nf1 bxc4 21. Qxc4 Qb5 22. Qc2 Qd3 23. Nc3 Qxc2 24. Rxc2 Rd4 25. Ne3 Rcd8 26. Nf5 Bf8 27. Nxd4 cxd4 28. Nd5 Nxd5 29. exd5 f6 30. Be4 Bd6 31. g4 Bb7 32. Rec1 Rd7 33. h4 g6 34. Bxg6 Bxd5 35. Bf5 Rb7 36. Rc8+ Kf7 37. Rh8 Bf8 38. h5 Bg7 39. Rh7 e4 40. Rc5 Bxa2 41. Rc6 Kg8 42. Bxe4 Re7 43. Bg6 Be6 44. Rxa6 Bc8 45. Ra8 Rc7 46. Bf5 Rc1+ 47. Kh2 Bf8 48. Rha7 Bxf5 49. gxf5 d3 50. Rd8 d2 51. Rxd2 Rc8 52. Rad7 Re8 53. Kg3 Re1 54. Rd8 Kf7 55. R2d7+ Be7 56. Rb8 Re5 57. Rbb7 Ke8 58. Rxe7+ Rxe7 59. Rxe7+ Kxe7 60. Kf4 Kd6 61. Ke4 Kc5 62. b3 1-0